Les 5 pays les plus pauvres par continent - Statistiques

Statistiques générales
  • Ce quiz a été pris 142 fois
  • Le résultat moyen est 18 sur 30
Statistiques - réponses
PIB / Habitant Continent % Correct
9170 Kosovo
76%
2142 Haïti
73%
7430 Suriname
70%
7617 Moldavie
69%
4001 Bolivie
66%
6150 Guatemala
66%
3426 Honduras
66%
3542 Vanuatu
66%
4000 Venezuela
66%
351 Soudan du Sud
65%
6874 Équateur
64%
2847 Nicaragua
64%
6416 Paraguay
64%
2288 Kiribati
63%
8957 Bosnie-Herzégovine
61%
5579 Salvador
59%
413 Afghanistan
58%
8316 Biélorussie
58%
2149 Îles Salomon
58%
5389 Ukraine
58%
2572 Papouasie-Nouvelle-Guinée
56%
4166 Micronésie
55%
153 Burundi
54%
433 Yémen
52%
508 Malawi
50%
847 Syrie
50%
545 Madagascar
49%
516 République Centrafricaine
47%
1341 Tadjikistan
42%
1343 Timor oriental
41%
Aucun quiz correspondant
Distribution des résultats
% des personnes avec chaque résultat
Percentile par nombre de réponses
Votre historique - résultats
Vous n’avez pas pris ce quiz